Chile 1970-1973: asumir la historia para construir el futuro
Na minha lista:
| Autor principal: | |
|---|---|
| Formato: | Livro |
| Idioma: | espanhol |
| Publicado em: |
Santiago
Pehuén
1996
|
| Edição: | 1a. ed |
| Assuntos: | |
| Tags: |
Adicionar Tag
Sem tags, seja o primeiro a adicionar uma tag!
|
MARC
| LEADER | 00000nam a2200000 a 4500 | ||
|---|---|---|---|
| 001 | UCG3427 | ||
| 003 | CL-VaPUC | ||
| 008 | 100826e19960100CL |||||||||||||||||spa|d | ||
| 020 | |a 9561602881 | ||
| 082 | 0 | 4 | |a 983 |b BIT |2 21 |
| 100 | 0 | |a Bitar Chacra, Sergio |e author |9 552571 | |
| 245 | 1 | 0 | |a Chile 1970-1973: asumir la historia para construir el futuro |
| 250 | |a 1a. ed | ||
| 300 | |a 392 p | ||
| 942 | |c BK | ||
| 945 | |d 20100826 00:00:00 |a mfarfan | ||
| 260 | |a Santiago |b Pehuén |c 1996 | ||
| 600 | 0 | |a Allende Gossens, Salvador, |d 1908-1973 |9 257222 | |
| 650 | 0 | |a Historia de Chile siglo 20 |9 268145 | |
| 650 | 0 | |a Unidad popular |9 317409 | |
| 583 | |a last modification |c 20160913 09:46:29 |k Rodrigo Vera | ||
| 999 | |c 342495 |d 342493 | ||
| 952 | |0 0 |1 0 |4 0 |6 983_000000000000000_BIT_1996 |7 0 |8 C |9 438707 |a BIBCUR |b BIBCUR |d 2019-11-22 |i 4681878 |o 983 BIT 1996 |p 4681878 |r 2025-04-22 |w 2019-11-22 |y BK |k CAC | ||